00681cam3a220021700 4500001001200000008004100012010002200053020003400075035001900109035002700128035002200155050002000177082001200197100003300209245008800242260002900330504002900359650003500388700003400423004000600457lce00772247730102s1973 nyua b 001 0 eng  a 72014184 //r87 a0471094196a047109420X (pbk.) a(Sirsi) r41258 a(DLC) 72014184 //r87 a(UPRA)lce007722470 aGN60b.B73 1973 a573/.081 aBrace, C. Loring.6A101825.110aMan in evolutionary perspectivec[compiled by] C. Loring Brace [and] James Metress. aNew York,bWileyc[1973] aIncludes bibliographies. 0aPhysical anthropology.6S215.11 aMetress, Seamus P.6A101826.141258